James-Bond-Filme Quiz - Statistiken

Allgemein
  • Dieses Quiz wurde 12.185 mal gespielt
    6.955 seit der letzten Aktualisierung
  • Das Durchschnittsergebnis liegt bei 11 aus 25
Antwortstatistiken
Jahr Hauptdarsteller Film % Korrekt
2012 Daniel Craig Skyfall
80%
2006 Daniel Craig Casino Royale
75%
1964 Sean Connery Goldfinger
70%
2015 Daniel Craig Spectre
63%
1962 Sean Connery 007 jagt Dr. No
59%
2008 Daniel Craig Ein Quantum Trost
58%
2021 Daniel Craig Keine Zeit zu sterben
58%
1995 Pierce Brosnan GoldenEye
57%
1963 Sean Connery Liebesgrüße aus Moskau
50%
1983 Roger Moore Octopussy
49%
1979 Roger Moore Moonraker - Streng geheim
44%
2002 Pierce Brosnan Stirb an einem anderen Tag
44%
1997 Pierce Brosnan Der Morgen stirbt nie
37%
1974 Roger Moore Der Mann mit dem goldenen Colt
34%
1989 Timothy Dalton Lizenz zum Töten
34%
1977 Roger Moore Der Spion, der mich liebte
32%
1971 Sean Connery Diamantenfieber
31%
1965 Sean Connery Feuerball
31%
1999 Pierce Brosnan Die Welt ist nicht genug
30%
1967 Sean Connery Man lebt nur zweimal
29%
1969 George Lazenby Im Geheimdienst Ihrer Majestät
27%
1973 Roger Moore Leben und sterben lassen
27%
1985 Roger Moore Im Angesicht des Todes
21%
1987 Timothy Dalton Der Hauch des Todes
20%
1981 Roger Moore In tödlicher Mission
15%
Keine übereinstimmenden Quizze gefunden
Verteilung der Resultate
Anzahl Personen mit jedem Resultat
Perzentil nach korrekt beantworteten Fragen
Ihre Resultats-Entwicklung
Sie haben dieses Quiz seit der letzten Aktualisierung nicht gespielt